• 首页
  • 本馆介绍
  • 公告通知
  • 最新文献
  • 馆藏检索
  • 电子资源
  • 读者导购
  • 参考咨询
  • 我的图书馆
  • 登录
  • 详细信息显示
  • 放入我的书架
  • 预约/预借图书
  • 作者相关作品
  • 分类相关作品
  • 丛书相关作品
  • 出版社相关作品

书目信息

  • 表格格式
  • 工作单格式
  • 卡片格式
题名:
菲利皮诺·利皮
    
 
作者: 利皮 绘 ;吴宪生 , 吴冠华 编
分册:  
出版信息: 济南   山东美术出版社  2009.04
页数: 56页
开本: 38cm
丛书名: 世界素描大系
单 册:
中图分类: J234(546)
科图分类:
主题词: 素描--意大利--中世纪--画册 , 素描
电子资源:
ISBN: 978-7-5330-2930-2
000 00967oam2 2200289 450
001 010700072916
005 20140609165127.93
010    @a978-7-5330-2930-2@dCNY39.80
100    @a20090924d2009 em y0chiy0110 ea
101 0  @achi
102    @aCN@b370000
105    @aaf z 000yy
106    @ad
200 1  @a菲利皮诺·利皮@9fei li pi nuo· li pi@f吴宪生,吴冠华编
210    @a济南@c山东美术出版社@d2009.04
215    @a56页@c照片@d38cm
225 2  @a世界素描大系
330    @a本书内容包括男子头像、天使的头像、一个男孩的头像、青年女子头像、戴帽子的青年女子头像、青年男头像与手的习作、装饰设计草图、马的习作等。
461  0 @12001 @a世界素描大系
606 0  @a素描@y意大利@z中世纪@j画册
606 0  @a素描
690    @aJ234(546)@v4
701  0 @c(意)@a利皮@9li pi@c(Lippi, Filippino@f1457~1504)@4绘
702  0 @a吴宪生@9wu xian sheng@4编
702  0 @a吴冠华@9wu guan hua@4编
801  0 @aCN@bRENTIAN@c20090924
905    @b847375-77@dJ234(546)@e91@f3
    
    菲利皮诺·利皮/吴宪生,吴冠华编.-济南:山东美术出版社,2009.04
    56页:照片;38cm.-(世界素描大系)
    
    
    ISBN 978-7-5330-2930-2:CNY39.80
    本书内容包括男子头像、天使的头像、一个男孩的头像、青年女子头像、戴帽子的青年女子头像、青年男头像与手的习作、装饰设计草图、马的习作等。
●
相关链接 在E读中查询图书 在五车中查询图书 在当当中查询图书 在豆瓣中查询图书


正题名:菲利皮诺·利皮     索取号:J234(546)/91         预约/预借

序号 登录号 条形码 馆藏地/架位号 状态 备注
1 847375   208473757   第一样本阅览室/ [索取号:J234(546)/91] 在馆    
2 847376   208473766   第一借阅区/ [索取号:J234(546)/91] 在馆    
3 847377   208473775   密集书库-美术系/ [索取号:J234(546)/91] 在馆    
唐山师范学院图书馆 欢迎您!
大连网信软件有限公司© 版权所有